Statistics for Countries Visited by Che Guevara

Click here to take the quiz!

General Stats

  • This quiz has been taken 226 times
  • The average score is 38 of 60

Answer Stats

YearCountry% Correct
1928Argentina
96%
1954Cuba
94%
1952Unites States of America
94%
1966Bolivia
90%
1953Bolivia
90%
1950Brazil
90%
1954Mexico
90%
1952Chile
87%
1952Peru
87%
1952Venezuela
87%
1950Venezuela
87%
1966France
86%
UnknownParaguay
85%
1961Uruguay
85%
1964China
84%
1952Ecuador
82%
1966Spain
81%
1952Colombia
78%
1953Nicaragua
78%
1952Panama
78%
1960Germany
77%
1966Italy
77%
1959Japan
75%
1953Honduras
74%
1954Guatemala
73%
1953Costa Rica
72%
1953El Salvador
72%
UnknownGuyana
72%
UnknownSuriname
72%
1959India
69%
1959Egypt
68%
1960The Soviet Union
68%
1959Indonesia
63%
1959Yugoslavia
63%
1959Greece
59%
1960North Korea
58%
1966Austria
57%
1964Ireland
57%
1964Algeria
56%
1959Morocco
56%
1959Pakistan
56%
1959Thailand
55%
1966Switzerland
52%
1960Hungary
51%
1960Czechoslovakia
50%
1959Sudan
47%
1959Myanmar
45%
1959Syria
43%
1950Trinidad and Tobago
42%
1959Sri Lanka
41%
1964Mali
38%
1964Ghana
37%
1964Tanzania
36%
1959Singapore
35%
1964Guinea
33%
1964Benin
28%
1965Rwanda
27%
1965The Democratic Republic of the Congo
27%
1965Burundi
23%
1964The Republic of the Congo
13%

Score Distribution

Percentile by Number Answered

Percent of People with Each Score

Your Score History

You have not taken this quiz